| 000 | 00612cam a22002052 4500 | ||
|---|---|---|---|
| 001 | 0000003345 | ||
| 005 | 20151217151923.0 | ||
| 008 | 070503s xx 000 0 eng d | ||
| 020 | _a0394623010 : | ||
| 040 |
_aKABU _cKABU |
||
| 050 | 0 |
_aJK2391 _b.C53N35 |
|
| 100 | 1 |
_aNaison, Mark. _@0000153192 |
|
| 245 | 1 | 0 | _aCommunists in Harlem during the depression. |
| 260 |
_aNew York : _bGrove Press, _c1984. |
||
| 300 | _axxi, 355 p. | ||
| 650 | 0 |
_aCommunist Part of the United States of America _xHistory. _@0000153193 |
|
| 908 | _a070503 | ||
| 950 | _@1 | ||
| 999 |
_c6374 _d6374 |
||